000 00973nam a22003017a 4500
003 CHAP
005 20220329143440.0
008 091001s1975 mx a r 00010 eng d
010 _a96803
011 _a97775
035 _a108446
040 _cCHAP
082 0 4 _a634.96
_bP44
100 0 0 _aPeterson, Glenn W.
_987618
245 1 0 _aForest nursery diseases in the United States
_c/por Glenn W. Peterson
260 _aWashington :
_bForest Service, U.S. Departament of Agriculture,
_c1975
300 _a125 p. :
_bilus.
590 _aBATCH-UPD
_b10
_c20130110
_lUCH01
_h1448
590 _aBATCH-UPD
_b10
_c20130410
_lUCH01
_h0916
590 _aBATCH-UPD
_b10
_c20130914
_lUCH01
_h1848
590 _aCONVERSION
_b10
_c20130109
_lUCH01
_h1353
650 1 4 _aÁrboles
_xEnfermedades.
_982436
650 1 4 _aViveros forestales.
_9120100
901 _aBK
911 _aen proceso
942 _cLIBRO
949 _a634.96 P44
_bBC
_cLIBRO
_d33724002112371
_eLIBRO
_gI.c/e
_h111011
_i108446
_sb
999 _c96803
_d96803